[Event "1st Binhai Cup 2018"]
[Site "Tianjin CHN"]
[Date "2018.12.30"]
[Round "6.23"]
[White "Wang, Zijian"]
[Black "Hu, Zehua"]
[Result "1-0"]
[WhiteElo "1839"]
[BlackElo "2104"]
[WhiteFideId "8619034"]
[BlackFideId "8603472"]
[EventDate "2018.12.25"]

1. e4 c5 2. Nf3 d6 3. Bb5+ Nd7 4. d4 a6 5. Bxd7+ Bxd7 6. O-O cxd4 7. Qxd4 Nf6 8.
c4 g6 9. b3 Bg7 10. Bb2 O-O 11. Nc3 Ng4 12. Qd2 b5 13. cxb5 axb5 14. h3 Nf6 15.
Rfe1 Qb6 16. Nd5 Nxd5 17. Bxg7 Kxg7 18. exd5 Rfe8 19. Re4 h6 20. Rh4 Rh8 21. Re1
Rae8 22. Qc3+ f6 23. Rhe4 Kf7 24. Nd4 Qc5 25. Qe3 f5 26. Rxe7+ Kf6 27. h4 g5 28.
Qe6+ 1-0

[Event "1st Binhai Cup 2018"]
[Site "Tianjin CHN"]
[Date "2018.12.30"]
[Round "6.24"]
[White "Ning, Kaiyu"]
[Black "Zhong, Kangmin"]
[Result "1-0"]
[WhiteElo "2247"]
[BlackElo "1825"]
[WhiteFideId "8614750"]
[BlackFideId "8618887"]
[EventDate "2018.12.25"]

1. d4 d5 2. c4 c6 3. Nf3 Nf6 4. e3 Bf5 5. Nc3 a6 6. cxd5 cxd5 7. Ne5 Nc6 8. Qa4
Qb6 9. Nxc6 bxc6 10. Bd2 e6 11. Rc1 Be7 12. Nd1 O-O 13. Rxc6 Qb8 14. Ba5 Qe8 15.
Nc3 e5 16. Rc7 Bd7 17. Qd1 Bd6 18. Rb7 Bc6 19. Bb4 exd4 20. Bxd6 dxe3 21. Rb4 a5
22. Rd4 exf2+ 23. Kxf2 Qe6 24. Bxf8 Re8 25. Qd2 Kxf8 26. Be2 Qf5+ 27. Qf4 Ne4+
28. Rxe4 1-0

[Event "1st Binhai Cup 2018"]
[Site "Tianjin CHN"]
[Date "2018.12.30"]
[Round "6.25"]
[White "Li, Yunshan"]
[Black "Sun, Jihan"]
[Result "1-0"]
[WhiteTitle "WFM"]
[WhiteElo "2196"]
[BlackElo "1518"]
[WhiteFideId "8607664"]
[BlackFideId "8618992"]
[EventDate "2018.12.25"]

1. d4 c5 2. d5 e5 3. c4 d6 4. Nc3 g6 5. e4 Bg7 6. g3 Ne7 7. Bg2 O-O 8. Nge2 f5
9. h4 h6 10. Bd2 Nd7 11. Qc1 Kh7 12. h5 gxh5 13. Rxh5 Qe8 14. Rh1 Qg6 15. exf5
Nxf5 16. Ne4 Nf6 17. Qc2 Bd7 18. O-O-O b5 19. f4 Ng4 20. fxe5 Nxe5 21. Nf4 Qe8
22. Nxd6 Qe7 23. Nxf5 Bxf5 24. Be4 Bxe4 25. Qxe4+ Kg8 26. cxb5 Qd7 27. Ne6 Qxb5
28. Bc3 Rf2 29. Bxe5 Re2 30. Qg4 1-0

[Event "1st Binhai Cup 2018"]
[Site "Tianjin CHN"]
[Date "2018.12.30"]
[Round "6.28"]
[White "Wang, Xiaoyan"]
[Black "Wu, David Tai-Wei"]
[Result "0-1"]
[WhiteElo "1943"]
[BlackElo "1630"]
[WhiteFideId "8623015"]
[BlackFideId "16301765"]
[EventDate "2018.12.25"]

1. d4 d5 2. c4 e6 3. Nf3 Nf6 4. g3 Be7 5. Bg2 O-O 6. Qc2 a6 7. c5 c6 8. O-O Nbd7
9. Nc3 Re8 10. Bf4 Bf8 11. Rfd1 Nh5 12. Be3 Qc7 13. Ng5 g6 14. f4 f6 15. Nf3 Bg7
16. Nh4 f5 17. b4 Ndf6 18. Nf3 Ne4 19. Nxe4 dxe4 20. Ne5 Nf6 21. Nc4 Nd5 22. Qb3
Rd8 23. Bf2 Bd7 24. Rab1 Be8 25. e3 Kh8 26. Bf1 g5 27. fxg5 Bh5 28. Rd2 Qe7 29.
h4 h6 30. gxh6 Bxh6 31. Bg2 Rg8 32. Kh2 Rg7 33. Rg1 Rag8 34. Be1 Rh7 35. Bh3 Bf3
36. Bg2 Bg4 37. Rh1 Rhg7 38. Kg1 Bh5 39. Kf1 Qc7 40. Rg1 Rxg3 41. Bxg3 Qxg3 42.
Rf2 Nxe3+ 43. Nxe3 Bxe3 44. Qb2 Bxf2 45. Qxf2 Qd3+ 0-1

[Event "1st Binhai Cup 2018"]
[Site "Tianjin CHN"]
[Date "2018.12.30"]
[Round "6.29"]
[White "Mi, Tenglong"]
[Black "Lu, Miaoyi"]
[Result "0-1"]
[WhiteElo "1717"]
[BlackElo "1737"]
[WhiteFideId "8623627"]
[BlackFideId "8618020"]
[EventDate "2018.12.25"]

1. e4 c6 2. d4 d5 3. e5 Bf5 4. h4 h5 5. Bg5 Qb6 6. Bd3 Bxd3 7. Qxd3 Qxb2 8. Nf3
e6 9. O-O Nd7 10. Nbd2 Qb6 11. Rab1 Qc7 12. c4 Ne7 13. Bxe7 Bxe7 14. cxd5 cxd5
15. Rfc1 Qb8 16. Qb5 b6 17. Rc2 Qb7 18. Rbc1 Bd8 19. Ng5 O-O 20. Qd3 Bxg5 21.
Rc7 Qb8 22. Rxd7 Bxd2 23. Qxd2 Rc8 24. Qf4 Rxc1+ 25. Qxc1 Qc8 26. Rc7 Qa6 27.
Qc6 Rf8 28. Qc2 Qa5 29. Qe2 Qa4 30. Qd2 b5 31. g4 hxg4 32. h5 Kh7 33. Rc3 b4 34.
Rg3 Rc8 35. Rxg4 Qc2 36. Qg5 Qc1+ 0-1

[Event "1st Binhai Cup 2018"]
[Site "Tianjin CHN"]
[Date "2018.12.31"]
[Round "7.1"]
[White "Zhao, Jun"]
[Black "Zeng, Chongsheng"]
[Result "1-0"]
[WhiteTitle "GM"]
[BlackTitle "GM"]
[WhiteElo "2607"]
[BlackElo "2535"]
[WhiteFideId "8602522"]
[BlackFideId "8603847"]
[EventDate "2018.12.25"]

1. d4 Nf6 2. c4 g6 3. Nc3 d5 4. cxd5 Nxd5 5. e4 Nxc3 6. bxc3 Bg7 7. Nf3 c5 8. h3
O-O 9. Be3 Qa5 10. Bd2 Qa3 11. Be2 b6 12. O-O cxd4 13. cxd4 Ba6 14. Bc1 Qd6 15.
Bxa6 Nxa6 16. Qa4 Nb8 17. Ba3 Qd7 18. Qxd7 Nxd7 19. e5 Rfe8 20. Rac1 b5 21. Rc7
Nb6 22. Rxe7 Rxe7 23. Bxe7 Nd5 24. Bc5 a5 25. Rb1 b4 26. Nd2 Bf8 27. Ne4 Bxc5
28. dxc5 Rc8 29. Rc1 a4 30. Kf1 Kf8 31. Ke2 Ke7 32. Kd3 Ke6 33. Kc4 h6 34. Nd6
Rb8 35. Nb5 Nc3 36. Nxc3 bxc3 37. c6 Ke7 38. Rxc3 Rb2 39. Kd3 Kd8 40. Rc2 Rb5
41. c7+ Kc8 42. Kd4 a3 43. f4 g5 44. f5 Rb2 45. Kd3 Rb5 46. e6 fxe6 47. fxe6 Re5
48. Rc6 h5 49. g4 hxg4 50. hxg4 Re1 51. Kd4 Re2 52. Kd5 Rxa2 53. e7 Rd2+ 54. Ke6
Re2+ 55. Kf7 a2 56. Ra6 Rf2+ 57. Kg6 Re2 58. Rxa2 Rxe7 59. Ra8+ 1-0

[Event "1st Binhai Cup 2018"]
[Site "Tianjin CHN"]
[Date "2018.12.31"]
[Round "7.2"]
[White "Zhu, Jiner"]
[Black "Fier, Alexandr"]
[Result "1-0"]
[WhiteTitle "WIM"]
[BlackTitle "GM"]
[WhiteElo "2409"]
[BlackElo "2558"]
[WhiteFideId "8608059"]
[BlackFideId "2107139"]
[EventDate "2018.12.25"]

1. e4 c5 2. Nf3 d6 3. d4 cxd4 4. Nxd4 Nf6 5. Nc3 a6 6. Be3 e6 7. Be2 Be7 8. O-O
O-O 9. f4 Nc6 10. Qe1 Bd7 11. Qg3 b5 12. a3 Qb8 13. Rad1 Nxd4 14. Bxd4 Bc6 15.
Bf3 Qb7 16. Kh1 a5 17. e5 dxe5 18. fxe5 Nd7 19. Be3 Kh8 20. Ne4 Bxe4 21. Bxe4
Qxe4 22. Rxd7 Rae8 23. c3 Qc4 24. Rfd1 Rd8 25. Qf3 Rde8 26. Rb7 f6 27. Rdd7 Bd8
28. Rxg7 Qh4 29. Rxh7+ Qxh7 30. Rxh7+ Kxh7 31. Qh5+ Kg8 32. Qg6+ Kh8 33. Bh6 Rg8
34. Bg7+ Rxg7 35. Qxe8+ Rg8 36. Qxe6 1-0

[Event "1st Binhai Cup 2018"]
[Site "Tianjin CHN"]
[Date "2018.12.31"]
[Round "7.3"]
[White "Liu, Guanchu"]
[Black "Zhao, Yuanhe"]
[Result "1/2-1/2"]
[WhiteTitle "IM"]
[WhiteElo "2432"]
[BlackElo "2388"]
[WhiteFideId "8603901"]
[BlackFideId "8609497"]
[EventDate "2018.12.25"]

1. e4 e5 2. Nf3 Nf6 3. d4 Nxe4 4. Bd3 d5 5. Nxe5 Nd7 6. Nxd7 Bxd7 7. O-O Bd6 8.
c4 c6 9. cxd5 cxd5 10. Nc3 Nxc3 11. bxc3 O-O 12. Qh5 g6 13. Qxd5 Qc7 14. Bh6
Rfd8 15. Qf3 Qxc3 16. Qf6 Bf8 17. Bxf8 Rxf8 18. Be4 Bc6 19. Rac1 Qb4 20. Bxc6
bxc6 21. Rxc6 Rad8 22. Rd1 Qa4 23. Rcc1 Qxa2 24. Ra1 Qb3 25. Qc6 Rd5 26. Rdb1
Ra5 27. g3 Rxa1 28. Rxa1 Rd8 29. Rxa7 Qd1+ 30. Kg2 Qxd4 31. Qb7 Qd5+ 32. Qxd5
Rxd5 33. h4 h5 1/2-1/2

[Event "1st Binhai Cup 2018"]
[Site "Tianjin CHN"]
[Date "2018.12.31"]
[Round "7.4"]
[White "Lu, Shanglei"]
[Black "Dai, Changren"]
[Result "1/2-1/2"]
[WhiteTitle "GM"]
[BlackTitle "IM"]
[WhiteElo "2636"]
[BlackElo "2464"]
[WhiteFideId "8603332"]
[BlackFideId "8608156"]
[EventDate "2018.12.25"]

1. e4 e5 2. Nf3 Nc6 3. Bb5 a6 4. Ba4 Nf6 5. O-O Be7 6. Re1 b5 7. Bb3 O-O 8. a4
b4 9. d4 d6 10. dxe5 Nxe5 11. Nxe5 dxe5 12. Qe2 Bc5 13. Nd2 Bg4 14. Nf3 Bd4 15.
h3 Bxf3 16. Qxf3 Rb8 17. a5 Qd6 18. Qe2 Qc5 19. Be3 Bxe3 20. Qxe3 Rb5 21. Ra4
Rfb8 22. Qg5 Rxa5 23. Rxa5 Qxa5 24. Re3 h6 25. Qg6 Nd5 26. Bxd5 Qxd5 27. exd5
fxg6 28. Rxe5 Kf7 29. Re4 Rb5 30. Rc4 Rxd5 31. Rxc7+ Kg8 32. b3 g5 33. Kf1 Re5
34. f3 a5 35. Kf2 Kh7 36. Rc6 Kg8 37. Rc7 Kh7 38. Rc4 Kg6 39. Kf1 Kf6 40. Rc6+
Kf7 41. Kf2 Ke7 42. Rc7+ Kf6 1/2-1/2

[Event "1st Binhai Cup 2018"]
[Site "Tianjin CHN"]
[Date "2018.12.31"]
[Round "7.5"]
[White "Ganguly, Surya Shekhar"]
[Black "Peng, Xiongjian"]
[Result "1-0"]
[WhiteTitle "GM"]
[WhiteElo "2621"]
[BlackElo "2438"]
[WhiteFideId "5002150"]
[BlackFideId "8610550"]
[EventDate "2018.12.25"]

1. e4 e5 2. Nf3 Nc6 3. Bc4 Bc5 4. c3 Nf6 5. d3 O-O 6. O-O d6 7. a4 a6 8. Re1 Be6
9. Bxe6 fxe6 10. b4 Ba7 11. Be3 Bxe3 12. Rxe3 Qe8 13. Nbd2 Ne7 14. Qb3 Ng6 15.
g3 h6 16. d4 Kh7 17. h3 Nd7 18. Qc4 Rc8 19. Qe2 Rf6 20. a5 Nb8 21. dxe5 dxe5 22.
h4 Rd8 23. Nc4 Nc6 24. Rd1 Rxd1+ 25. Qxd1 Kg8 26. Rd3 h5 27. Ncxe5 1-0

[Event "1st Binhai Cup 2018"]
[Site "Tianjin CHN"]
[Date "2018.12.31"]
[Round "7.6"]
[White "Idani, Pouya"]
[Black "Li, Yankai"]
[Result "1/2-1/2"]
[WhiteTitle "GM"]
[WhiteElo "2611"]
[BlackElo "2427"]
[WhiteFideId "12510130"]
[BlackFideId "8609357"]
[EventDate "2018.12.25"]

1. e4 c5 2. Nf3 d6 3. Bb5+ Nd7 4. d4 cxd4 5. Qxd4 a6 6. Bxd7+ Bxd7 7. Nc3 e5 8.
Qd3 h6 9. Nd2 Rc8 10. Nc4 Qc7 11. Ne3 b5 12. Ncd5 Qb7 13. O-O Ne7 14. b3 Nxd5
15. Nxd5 Be6 16. Bd2 Bxd5 17. exd5 Be7 18. a4 O-O 19. axb5 axb5 20. Ra2 Rc5 21.
Be3 Rxd5 22. Qe2 Ra8 23. Rxa8+ Qxa8 24. Qg4 Bg5 25. c4 bxc4 26. bxc4 Ra5 27.
Bxg5 hxg5 28. Qxg5 Ra1 29. Qd2 Rxf1+ 30. Kxf1 Qe4 1/2-1/2

[Event "1st Binhai Cup 2018"]
[Site "Tianjin CHN"]
[Date "2018.12.31"]
[Round "7.7"]
[White "Chigaev, Maksim"]
[Black "Peng, Hongchi"]
[Result "1-0"]
[WhiteTitle "GM"]
[WhiteElo "2606"]
[BlackElo "2273"]
[WhiteFideId "4108116"]
[BlackFideId "8609047"]
[EventDate "2018.12.25"]

1. e4 c5 2. Nf3 e6 3. d4 cxd4 4. Nxd4 Nc6 5. Nc3 Qc7 6. Be3 a6 7. Qd2 Nf6 8.
O-O-O Bb4 9. f3 O-O 10. a3 Be7 11. g4 b5 12. h4 b4 13. axb4 Bxb4 14. h5 Ne5 15.
g5 Ne8 16. f4 Ng4 17. Rg1 Bxc3 18. bxc3 Qa5 19. Qe1 Nxe3 20. Qxe3 Bb7 21. e5 Rc8
22. Rg3 Nc7 23. c4 Qa1+ 24. Kd2 Qa5+ 25. Ke2 Qc5 26. Qa3 Qxc4+ 27. Kf2 Nb5 28.
Qxf8+ Kxf8 29. Bxc4 Rxc4 30. Nxb5 Rxc2+ 31. Ke1 axb5 32. Rxd7 Bd5 33. h6 Rc8 34.
Ra3 Bc6 35. Rda7 Bd5 36. Rd7 Bc6 37. Rd6 Be8 38. Ra7 Rb8 39. Kd2 b4 40. Kc2 gxh6
41. gxh6 Bb5 42. Kb3 Be2 43. Rdd7 Bh5 44. Rdb7 Rxb7 45. Rxb7 Bf3 46. Rc7 1-0

[Event "1st Binhai Cup 2018"]
[Site "Tianjin CHN"]
[Date "2018.12.31"]
[Round "7.8"]
[White "Sivuk, Vitaly"]
[Black "Wu, huanghui"]
[Result "1-0"]
[WhiteTitle "GM"]
[WhiteElo "2542"]
[BlackElo "2164"]
[WhiteFideId "14116502"]
[BlackFideId "8623929"]
[EventDate "2018.12.25"]

1. c4 e6 2. g3 d5 3. Bg2 Nf6 4. Nf3 dxc4 5. O-O a6 6. Qc2 Bd6 7. Qxc4 b5 8. Qb3
Bb7 9. a4 b4 10. d3 a5 11. Bg5 Nbd7 12. Nbd2 h6 13. Bxf6 Qxf6 14. Ne1 Nc5 15.
Qa2 O-O 16. Bxb7 Nxb7 17. Nef3 Rfc8 18. Rac1 c5 19. Rc2 Bf8 20. Rfc1 Qd8 21. b3
Be7 22. Rc4 f5 23. Ne5 Bf6 24. Ndf3 g5 25. h3 h5 26. g4 hxg4 27. hxg4 Kg7 28.
Qb1 Nd6 29. Rxc5 Rxc5 30. Rxc5 fxg4 31. Nxg4 Nf7 32. Qc1 Be7 33. Rc7 Bd6 34. Rc6 1-0

[Event "1st Binhai Cup 2018"]
[Site "Tianjin CHN"]
[Date "2018.12.31"]
[Round "7.9"]
[White "Xu, Yinglun"]
[Black "Yang, Yijing"]
[Result "1-0"]
[WhiteTitle "GM"]
[BlackTitle "WCM"]
[WhiteElo "2531"]
[BlackElo "2035"]
[WhiteFideId "8604940"]
[BlackFideId "8608601"]
[EventDate "2018.12.25"]

1. Nf3 Nf6 2. c4 e6 3. d4 d5 4. Nc3 a6 5. cxd5 exd5 6. Bg5 Be6 7. e3 Nbd7 8. Bd3
Bd6 9. Qc2 c6 10. Bf4 Qc7 11. Bxd6 Qxd6 12. h3 O-O 13. O-O Rac8 14. Rfd1 c5 15.
dxc5 Nxc5 16. Rac1 Nxd3 17. Qxd3 Qb4 18. Rc2 Qc4 19. Nd4 Qxd3 20. Rxd3 Rfd8 21.
Rd1 Ne4 22. Nce2 Kf8 23. f3 Rxc2 24. Nxc2 Nd6 25. Kf2 Ke7 26. Nb4 Nc4 27. b3 Nb6
28. h4 Rc8 29. Rd2 a5 30. Nd3 f6 31. Ndf4 Bf7 32. Nd4 g6 33. g4 Nd7 34. Nde2 Rc5
35. Nd3 Rc8 36. g5 b5 37. Nd4 b4 38. Ke2 Nb6 39. Rd1 Rc7 40. Ra1 Be8 41. Nb2 Nc8
42. a3 bxa3 43. Rxa3 Ra7 44. Nd1 fxg5 45. hxg5 Kd6 46. Ra1 Ne7 47. Nc3 Kc5 48.
Rc1 Kb6 49. Kd3 a4 50. bxa4 Bxa4 51. Rh1 Nf5 52. Nxf5 gxf5 53. Kd4 Bc6 54. Rh6
Rg7 55. f4 1-0

[Event "1st Binhai Cup 2018"]
[Site "Tianjin CHN"]
[Date "2018.12.31"]
[Round "7.10"]
[White "Chen, Fan"]
[Black "Sethuraman, S.P."]
[Result "0-1"]
[WhiteTitle "FM"]
[BlackTitle "GM"]
[WhiteElo "2370"]
[BlackElo "2664"]
[WhiteFideId "8600767"]
[BlackFideId "5021596"]
[EventDate "2018.12.25"]

1. e4 g6 2. d4 Bg7 3. Nf3 d6 4. Bc4 Nf6 5. Qe2 O-O 6. O-O Bg4 7. h3 Bxf3 8. Qxf3
Nc6 9. c3 e5 10. Rd1 Nd7 11. Be3 Kh8 12. Na3 f5 13. exf5 gxf5 14. dxe5 f4 15.
Qe4 Bxe5 16. Bd4 Qg5 17. Qf3 Qg7 18. Nc2 Ne7 19. Bf1 c6 20. Ne1 Ng6 21. Qe4 Nf6
22. Qd3 c5 23. Nf3 Rae8 24. Re1 Nd7 25. Bxe5 Ndxe5 26. Nxe5 Nxe5 27. Qd5 Rf6 28.
Re4 Rg8 29. Rxe5 dxe5 30. Qxe5 b6 31. Rd1 Rf7 32. Qe4 Qf6 33. Qf3 Rd8 34. Re1
Rff8 35. Qb7 f3 36. g3 Rd2 37. Re4 Qf7 38. Re7 Qg6 39. Re3 Qf5 40. g4 Qf6 41.
Re7 Qh4 0-1

[Event "1st Binhai Cup 2018"]
[Site "Tianjin CHN"]
[Date "2018.12.31"]
[Round "7.11"]
[White "Zuo, Yifan"]
[Black "Tabatabaei, M.amin"]
[Result "0-1"]
[WhiteTitle "CM"]
[BlackTitle "GM"]
[WhiteElo "2300"]
[BlackElo "2587"]
[WhiteFideId "8614610"]
[BlackFideId "12521213"]
[EventDate "2018.12.25"]

1. d4 Nf6 2. Nf3 e6 3. c4 b6 4. g3 Bb7 5. Bg2 Be7 6. Nc3 Ne4 7. Bd2 O-O 8. O-O
Nxd2 9. Qxd2 d6 10. e4 Nd7 11. Rad1 c5 12. b3 a6 13. Rfe1 Re8 14. e5 dxe5 15.
Nxe5 Bxg2 16. Kxg2 cxd4 17. Qxd4 Nxe5 18. Qxe5 Qc8 19. Ne4 Qc6 20. f3 Rad8 21.
Qc3 f5 22. Nf2 Bf6 23. Qe3 e5 24. Rxd8 Rxd8 25. Rd1 Re8 26. Rd5 Qe6 27. Nd3 g6
28. f4 e4 29. Ne5 Rd8 30. Rxd8+ Bxd8 31. Qd4 Bf6 32. Kf1 Kg7 33. Ke2 g5 34. Ke3
gxf4+ 35. gxf4 a5 36. h3 Kh6 37. Qd5 Qe7 38. Nd7 Qb4 39. Nxf6 Qe1+ 40. Kd4 Qa1+
41. Ke3 Qc3+ 42. Kf2 Qxf6 43. Qd2 Kh5 44. Kg3 Qg7+ 45. Kh2 Qa1 46. Kg2 Qg7+ 47.
Kh2 Qc7 48. Kg2 Kg6 49. Qd5 Kf6 50. Qd4+ Kg6 51. Qd5 Qe7 52. Kf1 Qf6 53. Qd2 Kh6
54. Kf2 Qe7 55. Qe3 Qc5 56. Ke2 Qd6 57. Kf2 Kh5 58. Kg2 Qd1 59. Kf2 Qh1 60. Kg3
Qf1 61. Qf2 Qd3+ 62. Kg2 h6 63. Kh2 a4 64. bxa4 Qxc4 65. Kg2 Qd3 66. Kh2 Qc4 67.
Kg2 Qxa4 68. Qe2+ Kg6 69. Qb2 Qa5 70. a3 Qc5 71. Qb3 Qd6 72. Qe3 b5 73. Qg3+ Kh5
74. Qg7 Qg6+ 0-1

[Event "1st Binhai Cup 2018"]
[Site "Tianjin CHN"]
[Date "2018.12.31"]
[Round "7.12"]
[White "Batchuluun, Tsegmed"]
[Black "Liu, Yan"]
[Result "0-1"]
[WhiteTitle "GM"]
[BlackTitle "GM"]
[WhiteElo "2567"]
[BlackElo "2495"]
[WhiteFideId "4900847"]
[BlackFideId "8608962"]
[EventDate "2018.12.25"]

1. d4 Nf6 2. c4 e6 3. g3 Bb4+ 4. Bd2 a5 5. Nf3 b6 6. Bg2 Bb7 7. O-O O-O 8. Nc3
d6 9. Qc2 Nbd7 10. Rfe1 Bxc3 11. Bxc3 Be4 12. Qd2 c6 13. b3 b5 14. Rac1 Re8 15.
Bf1 b4 16. Bb2 Bxf3 17. exf3 h6 18. a3 bxa3 19. Bxa3 c5 20. dxc5 dxc5 21. Re3
Qc7 22. f4 Reb8 23. Qc2 Ra6 24. Ra1 Rd8 25. Bb2 Nb8 26. Bg2 Nc6 27. Bxc6 Qxc6
28. Bxf6 gxf6 29. Qc3 Kg7 30. Rxa5 Rxa5 31. Qxa5 Rd4 32. h4 Qd6 33. Kg2 Rd1 34.
Qc3 Qc6+ 35. Rf3 Qe4 36. h5 Qe2 37. Re3 Qf1+ 38. Kf3 Qh1+ 39. Ke2 Qxh5+ 40. Rf3
Qh1 41. Re3 Rb1 42. Qc2 Qf1+ 43. Kf3 Qh1+ 44. Ke2 Rf1 45. Qd2 Qg2 46. Rf3 Rb1
47. Rd3 Qf1+ 48. Kf3 Re1 0-1

[Event "1st Binhai Cup 2018"]
[Site "Tianjin CHN"]
[Date "2018.12.31"]
[Round "7.13"]
[White "Padmini, Rout"]
[Black "Nie, Xinyang"]
[Result "1/2-1/2"]
[WhiteTitle "IM"]
[WhiteElo "2345"]
[BlackElo "2229"]
[WhiteFideId "5029295"]
[BlackFideId "8607222"]
[EventDate "2018.12.25"]

1. Nf3 d5 2. g3 Bg4 3. Bg2 Nd7 4. d3 c6 5. Nbd2 Ngf6 6. h3 Bxf3 7. Bxf3 e5 8. e4
dxe4 9. dxe4 Nc5 10. O-O Be7 11. Bg2 Qc7 12. Qe2 Ne6 13. c3 g5 14. Nc4 h5 15.
Ne3 h4 16. Nf5 O-O-O 17. Be3 Kb8 18. b4 g4 19. hxg4 hxg3 20. fxg3 Rdg8 21. Nxe7
Qxe7 22. Qf2 Nxg4 23. Bxa7+ Ka8 24. Qb6 Nf4 25. Rxf4 exf4 26. Qa5 b6 27. Bxb6+
Kb8 28. Bc5 Qc7 29. Qxc7+ Kxc7 30. gxf4 Nf6 31. Re1 Rh4 32. Bd4 Rhg4 33. Re2
Nxe4 34. Rxe4 Rxg2+ 35. Kf1 Rxa2 36. Re2 Rxe2 37. Kxe2 Kd6 38. Kd3 Kd5 39. c4+
Ke6 40. Ke4 f5+ 41. Kd3 Rg2 42. Be5 1/2-1/2

[Event "1st Binhai Cup 2018"]
[Site "Tianjin CHN"]
[Date "2018.12.31"]
[Round "7.14"]
[White "Popov, Mikhail"]
[Black "Yan, Tianqi"]
[Result "1/2-1/2"]
[WhiteTitle "FM"]
[WhiteElo "2388"]
[BlackElo "2098"]
[WhiteFideId "4146182"]
[BlackFideId "8615250"]
[EventDate "2018.12.25"]

1. e4 c5 2. Nf3 a6 3. b3 Nc6 4. Bb2 e6 5. c4 d6 6. d4 cxd4 7. Nxd4 Nf6 8. Nxc6
bxc6 9. e5 Ne4 10. Bd3 Nc5 11. Bc2 Qg5 12. Qf3 d5 13. h4 Qd8 14. Qg3 a5 15. Nd2
Ba6 16. O-O g6 17. f4 Na4 18. Bc1 Bc5+ 19. Kh2 Nb6 20. Rd1 Be7 21. Nf3 Qc7 22.
Bd2 a4 23. Ng5 dxc4 24. Ba5 Bb5 25. Bxb6 Qxb6 26. f5 gxf5 27. Nxh7 Qc7 28. b4
Rxh7 29. Qg8+ Bf8 30. Qxh7 Qxe5+ 31. Kh1 Bd6 32. Rxd6 Qxd6 33. Rd1 Qxb4 34. Bxf5
exf5 35. Qh8+ Qf8 36. Qe5+ Qe7 37. Qh8+ 1/2-1/2

[Event "1st Binhai Cup 2018"]
[Site "Tianjin CHN"]
[Date "2018.12.31"]
[Round "7.15"]
[White "Yu, Lei"]
[Black "Wang, Shixu B"]
[Result "1-0"]
[WhiteElo "2074"]
[BlackElo "2342"]
[WhiteFideId "8620733"]
[BlackFideId "8610665"]
[EventDate "2018.12.25"]

1. Nf3 Nf6 2. d4 b6 3. Bg5 Bb7 4. Bxf6 exf6 5. e3 g6 6. Nbd2 Bg7 7. g3 O-O 8.
Bg2 f5 9. O-O d6 10. c4 Nd7 11. Rc1 c5 12. Qc2 Rc8 13. Rfd1 Qe7 14. Qa4 Bc6 15.
Qa3 Nf6 16. b4 Rfe8 17. bxc5 bxc5 18. d5 Bd7 19. Rb1 Rc7 20. Rb3 Rec8 21. Rdb1
Be8 22. Qa6 Nd7 23. Re1 Nb6 24. e4 fxe4 25. Nxe4 Rd8 26. a4 Bd7 27. Rxb6 Bc8 28.
Nxd6 Bxa6 29. Rxe7 axb6 30. Rxc7 Rxd6 31. Bf1 Bf6 32. Nd2 Bd8 33. Ra7 Bc8 34.
Ne4 Rd7 35. Ra8 Bb7 36. Rb8 Kg7 37. g4 Bc7 38. Rxb7 Bxh2+ 39. Kxh2 Rxb7 40. g5
h6 1-0

[Event "1st Binhai Cup 2018"]
[Site "Tianjin CHN"]
[Date "2018.12.31"]
[Round "7.16"]
[White "Huang, Renjie"]
[Black "Jiang, Qinyu"]
[Result "1-0"]
[WhiteElo "2328"]
[BlackElo "2037"]
[WhiteFideId "8610134"]
[BlackFideId "8612927"]
[EventDate "2018.12.25"]

1. e4 e5 2. Nf3 Nc6 3. Bc4 Bc5 4. c3 Nf6 5. d3 d6 6. Nbd2 a5 7. a4 O-O 8. O-O
Be6 9. Bxe6 fxe6 10. Nc4 Qe8 11. Be3 Bxe3 12. Nxe3 Kh8 13. Re1 Qg6 14. Nf1 Nh5
15. Ng3 Nxg3 16. hxg3 Rf6 17. Qb3 Rb8 18. Kf1 h6 19. Kg1 Qf7 20. Re2 g5 21. Rf1
Kg7 22. Rd2 Qg6 23. Qc4 Rc8 24. Qb5 Rb8 25. Re1 g4 26. Nh4 Qe8 27. d4 b6 28. Qe2
h5 29. f3 gxf3 30. Nxf3 exd4 31. cxd4 e5 32. d5 Nd8 33. Nh4 Nb7 34. g4 hxg4 35.
Qxg4+ Kf7 36. Rf1 Rxf1+ 37. Kxf1 Nc5 38. Rf2+ Ke7 39. Qg7+ Kd8 40. Rf8 Rc8 41.
Rxe8+ Kxe8 42. Nf5 1-0

[Event "1st Binhai Cup 2018"]
[Site "Tianjin CHN"]
[Date "2018.12.31"]
[Round "7.17"]
[White "Zhang, Xiao"]
[Black "Zhao, Chenxi"]
[Result "0-1"]
[WhiteElo "2017"]
[BlackElo "2328"]
[WhiteFideId "8610894"]
[BlackFideId "8611513"]
[EventDate "2018.12.25"]

1. d4 Nf6 2. c4 g6 3. Nc3 Bg7 4. Nf3 O-O 5. g3 d6 6. Bg2 c6 7. O-O Qa5 8. Qb3
Na6 9. Bd2 e5 10. dxe5 dxe5 11. Nd5 Qd8 12. Nxf6+ Qxf6 13. Bc3 Qe7 14. Rad1 Qc7
15. Qa3 Bf5 16. Ba5 Qc8 17. Qd6 Re8 18. Bc3 Qe6 19. Qxe6 Bxe6 20. b3 Bg4 21.
Rfe1 Nc5 22. h3 Bf5 23. g4 Bc2 24. Rd2 Be4 25. b4 Na4 26. Ba1 Nb6 27. Rc1 Bxf3
28. Bxf3 e4 29. Bg2 e3 30. fxe3 Bxa1 31. Rxa1 Nxc4 32. Rd7 Rab8 33. Rf1 Ne5 34.
Rc7 Kf8 35. b5 Rec8 36. Rxc8+ Rxc8 37. Rc1 Ke7 38. Kf2 Rc7 39. bxc6 bxc6 40. Ke1
Rb7 41. Kd1 Rb2 42. Rc2 Rxc2 43. Kxc2 Kf6 44. Kc3 c5 45. Kb3 Kg5 46. Ka4 Kh4 47.
Kb5 c4 48. Ka6 Nd3 49. exd3 c3 50. d4 c2 51. d5 c1=Q 52. Kxa7 Qa3+ 53. Kb7 Qb2+
54. Kc7 Qxg2 55. d6 Qxa2 56. d7 Qc4+ 0-1

[Event "1st Binhai Cup 2018"]
[Site "Tianjin CHN"]
[Date "2018.12.31"]
[Round "7.18"]
[White "Chen, KaiLin"]
[Black "Chu, Ruotong"]
[Result "1/2-1/2"]
[BlackTitle "WIM"]
[WhiteElo "2016"]
[BlackElo "2261"]
[WhiteFideId "8620954"]
[BlackFideId "8605653"]
[EventDate "2018.12.25"]

1. e4 c5 2. Nf3 e6 3. d4 cxd4 4. Nxd4 Nc6 5. Nc3 Qc7 6. Be3 a6 7. Bd3 Nf6 8. O-O
Ne5 9. h3 Bc5 10. Kh1 d6 11. f4 Ng6 12. Qe1 O-O 13. Nb3 Bxe3 14. Qxe3 Bd7 15.
Rae1 Bc6 16. Nd4 e5 17. fxe5 dxe5 18. Nf5 Kh8 19. Qg5 Ng8 20. Nd5 Bxd5 21. exd5
f6 22. Qg4 Qf7 23. Bc4 Rad8 24. d6 Qd7 25. Rd1 Rfe8 26. Ng3 b5 27. Bb3 Qxg4 28.
hxg4 Nh6 29. g5 Ng4 30. Nf5 Rd7 31. Bd5 Red8 32. Be6 Ra7 33. Ne7 Nf2+ 34. Rxf2
Rxe7 35. Bg4 Rf7 36. d7 f5 37. Bxf5 Ne7 38. Rdf1 Nxf5 39. Rxf5 Rxf5 40. Rxf5 Kg8
41. Rxe5 Rxd7 42. Re6 Rd2 43. Rxa6 Rxc2 44. b3 b4 45. Kh2 Rc5 46. Rb6 Ra5 47.
Rxb4 Rxa2 48. Rb5 Kf7 49. b4 Kg6 50. Kg3 Rb2 51. Kf3 Kh5 52. Rb7 Kg6 53. g3 Rc2
54. Re7 Rb2 55. Rb7 Rc2 56. Kg4 Rc4+ 57. Kh3 Rc3 58. b5 Rc4 1/2-1/2